| 000 | 00000nam 2200000za 4500 |
| 001 | 9.824515 |
| 003 | CaOODSP |
| 005 | 20221107144137 |
| 007 | cr ||||||||||| |
| 008 | 160921s2016 bcca o f000 0 fre d |
| 020 | |a978-0-660-06362-1|z978-0-660-06364-5 |
| 040 | |aCaOODSP|bfre |
| 043 | |an-cn--- |
| 086 | 1 |aR3-187/2016F-PDF|zR3-187/2016F |
| 245 | 00|aGuide de la PCG |h[ressource électronique] : |bplanification communautaire globale pour les Premières Nations de la Colombie-Britannique conçu en partenariat avec les champions de la PCG des Premières Nations en Colombie-Britannique. |
| 250 | |a3e éd. |
| 260 | |aVancouver (C.-B.) : |bAffaires autochtones et du Nord Canada, |cc2016. |
| 300 | |aii, 126 p. : |bill. |
| 500 | |a« Septembre 2016. » |
| 500 | |aPublié aussi en anglais sous le titre: CCP handbook : comprehensive community planning for First Nations in British Columbia developed in partnership with First Nations CCP champions across British Columbia. |
| 500 | |aLe n° de catalogue (R3-187/2016F) et l’ISBN (978-0-660-06364-5) de l'édition imprimée ont été copiés dans l’édition électronique. |
| 504 | |aComprend des références bibliographiques. |
| 530 | |aÉgalement publié en version imprimée. |
| 692 | 07|2gccst|aAutochtones |
| 692 | 07|2gccst|aProgramme communautaire |
| 710 | 1 |aCanada. |bAffaires autochtones et du Nord Canada. |
| 775 | 08|tCCP handbook |w(CaOODSP)9.824511 |
| 776 | 0#|tGuide de la PCG : |w(CaOODSP)9.824522 |
| 794 | |tGuide de la PCG |w(CaOODSP)9.853658 |
| 856 | 40|qPDF|s12.22 Mo|uhttps://publications.gc.ca/collections/collection_2016/aanc-inac/R3-187-2016-fra.pdf |